Pferderassen erkennen (Bildquiz) - Statistiken

Allgemein
  • Dieses Quiz wurde 206 mal gespielt
  • Das Durchschnittsergebnis liegt bei 11 aus 28
Antwortstatistiken
Bildquiz Antwort % Korrekt
Haflinger
95%
Friese
87%
Araber
83%
Isländer
80%
Shetland Pony
74%
Fjordpferd
72%
Tinker
72%
Shire Horse
64%
Hannoveraner
57%
Falabella
49%
Appaloosa
48%
Schwarzwälder Kaltblut
37%
Mustang
35%
Quarter Horse
35%
Englisches Vollblut
27%
Curly Horse
26%
Noriker
26%
Deutsches Reitpony
24%
Przewalski
24%
Dartmoorpony
22%
Knabstrupper
19%
Trakehner
18%
Dülmener Wildpferd
13%
KWPN
9%
Carmague Pferd
8%
Tennessee Walker
7%
Huzule
3%
Classic Pony
2%
Keine übereinstimmenden Quizze gefunden
Verteilung der Resultate
Anzahl Personen mit jedem Resultat
Perzentil nach korrekt beantworteten Fragen
Ihre Resultats-Entwicklung
Sie haben dieses Quiz noch nicht gespielt